000 00337pam a2200145 a 4500
020 _c
041 _h
100 _aED DAVID IRWIN
_eAuthor
245 _aBUILDING YOUR BUSINESS
_cED DAVID IRWIN
_hTextual Documents
260 _alondon
_bThorogood Ltd
300 _a207
653 _aManagement
700 _eCo-Author
930 _a478
999 _c243102
_d243102